Detalles MARC
| 000 -LEADER |
| campo de control de longitud fija |
03943nam a22004214i 4500 |
| 003 - IDENTIFICADOR DE NÚMERO DE CONTROL |
| campo de control |
PE-LiUPU |
| 005 - FECHA Y HORA DE LA ÚLTIMA TRANSACCIÓN |
| campo de control |
20260325144728.0 |
| 008 - DATOS DE LONGITUD FIJA--INFORMACIÓN GENERAL |
| campo de control de longitud fija |
190900s2018 pe a b 000 0 spa d |
| 035 ## - NÚMERO DE CONTROL DEL SISTEMA |
| Número de control de sistema |
PE-LiUPU000002 |
| 040 ## - FUENTE DE CATALOGACIÓN |
| Centro catalogador/agencia de origen |
PE-LiUPU |
| Lengua de catalogación |
spa |
| Centro/agencia transcriptor |
PE-LiUPU |
| Normas de descripción |
rda |
| 041 0# - CÓDIGO DE IDIOMA |
| Código de lengua del texto/banda sonora o título independiente |
spa |
| 082 04 - NÚMERO DE LA CLASIFICACIÓN DECIMAL DEWEY |
| Número de clasificación |
362.2 |
| Cutter |
P471d |
| Número de edición |
TP |
| 110 2# - ENTRADA PRINCIPAL--NOMBRE DE ENTIDAD CORPORATIVA |
| Nombre de entidad corporativa o nombre de jurisdicción como elemento de entrada |
Perú. |
| Unidad subordinada |
Defensoría del Pueblo, |
| -- |
Programa de Defensa y Promoción de los Derechos de las Personas con Discapacidad. |
| Término indicativo de función/relación |
autor. |
| 245 13 - MENCIÓN DEL TÍTULO |
| Título |
El derecho a la salud mental : |
| Resto del título |
supervisión de la implementación de la política pública de atención comunitaria y el camino a la desinstitucionalización / |
| Mención de responsabilidad, etc. |
[elaborado por el Programa de Defensa y Promoción de los Derechos de las Personas con Discapacidad, integrado por María Isabel León Esteban, César Augusto Torres Acuña, Graciela Lucy Oroche Merma ... et al.]. |
| 264 #1 - PRODUCCIÓN, PUBLICACIÓN, DISTRIBUCIÓN, FABRICACIÓN Y COPYRIGHT |
| Producción, publicación, distribución, fabricación y copyright |
Lima : |
| Nombre del de productor, editor, distribuidor, fabricante |
Defensoría del Pueblo, |
| Fecha de producción, publicación, distribución, fabricación o copyright |
2018. |
| 300 ## - DESCRIPCIÓN FÍSICA |
| Extensión |
229 páginas : |
| Otras características físicas |
ilustraciones ; |
| Dimensiones |
30 cm |
| 336 ## - TIPO DE CONTENIDO |
| Término de tipo de contenido |
text |
| Fuente |
rdacontent |
| 337 ## - TIPO DE MEDIO |
| Nombre/término del tipo de medio |
unmediated |
| Fuente |
rdamedia |
| 338 ## - TIPO DE SOPORTE |
| Nombre/término del tipo de soporte |
volume |
| Fuente |
rdacarrier |
| 490 0# - MENCIÓN DE SERIE |
| Mención de serie |
Informe defensorial ; |
| Designación de volumen o secuencia |
180 |
| 500 ## - NOTA GENERAL |
| Nota general |
Primera edición: diciembre de 2018. Primera impresión: septiembre de 2019. |
| 504 ## - NOTA DE BIBLIOGRAFÍA, ETC. |
| Nota de bibliografía, etc. |
Incluye referencias bibliográficas. |
| 505 0# - NOTA DE CONTENIDO CON FORMATO |
| Nota de contenido con formato |
Marco de la supervisión realizada por la Defensoría del Pueblo -- Competencia de la Defensoría del Pueblo -- Objetivo de la supervisión -- Marco legal -- Componentes del derecho a la salud mental -- Ámbito de la supervisión -- Metodología aplicada -- Cumplimiento del deber de cooperación con la Defensoría del Pueblo -- La salud mental en las políticas públicas -- El internamiento y la institucionalización -- Marco internacional sobre internamientos -- Legislación nacional en salud mental -- Antecedentes -- Ley N° 29889 -- Decreto Supremo N° 033-2015-SA -- Norma técnica de salud en centros de salud mental comunitario -- Legislación sobre personas con adicciones -- Política pública en salud mental en el Perú -- Organización -- Presupuesto para la implementación de las políticas en salud mental -- Disponibilidad y acceso a la atención en salud mental -- Oferta de servicios en salud mental -- Servicios en redes de atención comunitaria del MINSA -- Centros de salud mental comunitario -- Unidades de hospitalización de salud mental y adicciones -- Hospitales psiquiátricos del Ministerio de Salud -- Hogares protegidos -- Servicios en EsSalud -- Sistema de referencia y contrarreferencia -- Disponibilidad de medicamentos -- Petitorio nacional único de medicamentos esenciales -- Personal para la atención en salud mental -- Seguro Integral de Salud -- Adaptabilidad y calidad en la atención en salud mental -- Internamiento, institucionalización y desinstitucionalización -- Consentimiento informado -- Condiciones de internamiento -- Terapia electroconvulsiva -- Percepción de usuarios -- Situación de personas declaradas inimputables con medida de seguridad de internamiento -- Marco normativo -- Resultados de la supervisión. |
| 650 18 - PUNTO DE ACCESO ADICIONAL DE MATERIA--TÉRMINO DE MATERIA |
| Término de materia o nombre geográfico como elemento de entrada |
Servicios de salud mental |
| Subdivisión geográfica |
Perú |
| Subdivisión general |
Evaluación |
| 9 (RLIN) |
8270 |
| 650 10 - PUNTO DE ACCESO ADICIONAL DE MATERIA--TÉRMINO DE MATERIA |
| Término de materia o nombre geográfico como elemento de entrada |
Política de salud mental |
| Subdivisión geográfica |
Perú |
| Subdivisión general |
Evaluación |
| 9 (RLIN) |
8271 |
| 650 10 - PUNTO DE ACCESO ADICIONAL DE MATERIA--TÉRMINO DE MATERIA |
| Término de materia o nombre geográfico como elemento de entrada |
Derecho a la salud pública |
| Subdivisión geográfica |
Perú |
| 9 (RLIN) |
8272 |
| 650 18 - PUNTO DE ACCESO ADICIONAL DE MATERIA--TÉRMINO DE MATERIA |
| Término de materia o nombre geográfico como elemento de entrada |
Salud mental |
| Subdivisión general |
Políticas públicas |
| Subdivisión geográfica |
Perú. |
| 650 18 - PUNTO DE ACCESO ADICIONAL DE MATERIA--TÉRMINO DE MATERIA |
| Término de materia o nombre geográfico como elemento de entrada |
Servicios de salud mental |
| Subdivisión geográfica |
Perú. |
| 650 18 - PUNTO DE ACCESO ADICIONAL DE MATERIA--TÉRMINO DE MATERIA |
| Término de materia o nombre geográfico como elemento de entrada |
Derechos humanos |
| Subdivisión general |
Salud mental. |
| 650 18 - PUNTO DE ACCESO ADICIONAL DE MATERIA--TÉRMINO DE MATERIA |
| Término de materia o nombre geográfico como elemento de entrada |
Personas con discapacidad |
| Subdivisión general |
Derechos. |
| 651 #4 - PUNTO DE ACCESO ADICIONAL DE MATERIA--NOMBRE GEOGRÁFICO |
| Nombre geográfico |
Perú |
| Subdivisión general |
Política social. |
| 700 ## - ENTRADA AGREGADA--NOMBRE PERSONAL |
| Nombre de persona |
León Esteban, María Isabel, |
| Fechas asociadas al nombre |
1974- |
| Término indicativo de función/relación |
elaborador. |
| 9 (RLIN) |
8273 |
| 700 ## - ENTRADA AGREGADA--NOMBRE PERSONAL |
| Nombre de persona |
Torres Acuña, César Augusto, |
| Fechas asociadas al nombre |
1972- |
| Término indicativo de función/relación |
elaborador. |
| 9 (RLIN) |
8274 |
| 700 ## - ENTRADA AGREGADA--NOMBRE PERSONAL |
| Nombre de persona |
Oroche Merma, Graciela Lucy, |
| Fechas asociadas al nombre |
1975- |
| Término indicativo de función/relación |
elaboradora. |
| 9 (RLIN) |
8275 |
| 710 ## - ENTRADA AGREGADA--NOMBRE DE ENTIDAD CORPORATIVA |
| Nombre de entidad corporativa o nombre de jurisdicción como elemento de entrada |
Mecanismo Independiente para la Convención sobre los Derechos de las Personas con Discapacidad (Perú), |
| Término indicativo de función/relación |
colaborador. |
| 9 (RLIN) |
8276 |
| 942 ## - ELEMENTOS DE ENTRADA SECUNDARIOS (KOHA) |
| Fuente del sistema de clasificación o colocación |
Clasificación Decimal Dewey |
| Tipo de ítem Koha |
Libros físicos |
| 980 ## - EQUIVALENCIA O REFERENCIA-CRUZADA-MENCIÓN DE SERIE--NOMBRE DE PERSONA/TÍTULO [LOCAL, CANADÁ] |
| ID del usuario creador del registro |
18228 |
| Nombre del creador del registro |
Rebeca Esther Huerta Leyton |
| ID del último usuario que modificó el registro |
18226 |
| Nombre del último usuario que modificó el registro |
Jaime Vilcazán Jefe de Análisis Documental |